000 00257nam a2200121Ia 4500
100 _aHummel R.L.
942 _cBK
654 _aComputer
245 _aProcessor & Coprocessor
260 _bZ.D. Press
_aCalifornia
_c1992
546 _aENGLISH
999 _c31165
_d31165